Central Library OPAC University of Rajshahi

Modern organizations / (Record no. 34421)

MARC details
000 -LEADER
fixed length control field 00739nam a22002531 4500
001 - CONTROL NUMBER
control field 34421
003 - CONTROL NUMBER IDENTIFIER
rucl marc code BD-RjUL
005 - DATE AND TIME OF LATEST TRANSACTION
control field 20211209052145.0
008 - FIXED-LENGTH DATA ELEMENTS--GENERAL INFORMATION
fixed length control field 140517s1972 ii b 001 0 eng d
035 ## - SYSTEM CONTROL NUMBER
System control number (BD-RjUL)34515
040 ## - CATALOGING SOURCE
Original cataloging agency DLC
Transcribing agency DLC
Modifying agency DLC
-- BD-RjUL
Language of cataloging eng
041 ## - LANGUAGE CODE
Language code of text/sound track or separate title eng
082 00 - DEWEY DECIMAL CLASSIFICATION NUMBER
Classification number 060.301
Author mark and year ETM 1972
100 1# - MAIN ENTRY--PERSONAL NAME
Personal name Etzioni, Amitai.
9 (RLIN) 5201
245 10 - TITLE STATEMENT
Title Modern organizations /
Statement of responsibility, etc. by Amitai Etzioni,
260 ## - PUBLICATION, DISTRIBUTION, ETC. (IMPRINT)
Place of publication, distribution, etc. New Delhi :
Name of publisher, distributor, etc. Prentice-Hall
Date of publication, distribution, etc. 1972.
300 ## - PHYSICAL DESCRIPTION
Pagination vii, 120 p. ;
Size 23 cm.
490 0# - SERIES STATEMENT
Series statement Foundations of modern sociology series
504 ## - BIBLIOGRAPHY, ETC. NOTE
Bibliography, etc Bibliography: p. 117-118. Bibliographical footnotes.
650 #0 - SUBJECT ADDED ENTRY--TOPICAL TERM
Topical term or geographic name as entry element social organization
9 (RLIN) 5144
942 ## - ADDED ENTRY ELEMENTS (KOHA)
Source of classification or shelving scheme Dewey Decimal Classification
Koha item type Books
Holdings
Lost status Source of classification or shelving scheme Damaged status Not for loan Collection code Permanent Location Current Location Shelving location Date acquired Source of acquisition Total Checkouts Full call number Date last seen Copy number Koha item type Cost, normal purchase price
  Dewey Decimal Classification     Non-fiction Central Library, University of Rajshahi Central Library, University of Rajshahi   05/07/1976 USIS   060.301 ETM 1972 17/05/2014 C-3 Books  
  Dewey Decimal Classification     Non-fiction Central Library, University of Rajshahi Central Library, University of Rajshahi   05/07/1976 USIS   060.301 ETM 1972 17/05/2014 C-2 Books  
  Dewey Decimal Classification     Non-fiction Central Library, University of Rajshahi Central Library, University of Rajshahi   27/03/1996 Uttarbang library Raj.   060.301 ETM 1993 17/05/2014 C-5 Books 45.00
  Dewey Decimal Classification     Non-fiction Central Library, University of Rajshahi Central Library, University of Rajshahi   27/03/1996 Uttarbang library Raj.   060.301 ETM 1993 17/05/2014 C-4 Books 49.00
  Dewey Decimal Classification     Non-fiction Central Library, University of Rajshahi Central Library, University of Rajshahi   27/03/1996 Uttarbang library Raj.   060.301 ETM 1993 17/05/2014 C-7 Books 49.00
  Dewey Decimal Classification     Non-fiction Central Library, University of Rajshahi Central Library, University of Rajshahi   27/03/1996 Uttarbang library Raj.   060.301 ETM 1993 17/05/2014 C-6 Books 49.00